000 00302nam a22001097a 4500
008 230704b xxu||||| |||| 00| 0 eng d
082 _a354.6
_bHYD 1970
245 _aDevelopment Administration
_bThe Kenyan Experience
260 _bOxford University Press
_c1970
300 _aXVIII,366p
942 _2ddc
_cBK
999 _c3741
_d3741